000 00385nam a22001577a 4500
003 MPLRDC
005 20220104142653.0
008 210129b ||||| |||| 00| 0 eng d
082 _a947.413 DL v.3
100 _a不详
245 _a我是狐狸精. 三
_c
260 _a
_b东立出版社有限公司
_c1991
300 _b
650 _a少女漫画
942 _cBK
_o947.413 DL v.3
999 _c32770
_d32760